| 000 | 01407nam a22003977a 4500 | ||
|---|---|---|---|
| 003 | CHAP | ||
| 005 | 20251104075243.0 | ||
| 008 | 971013s1989 r 00010 d | ||
| 010 | _a68990 | ||
| 011 | _a69962 | ||
| 035 | _a79440 | ||
| 040 | _cCHAP | ||
| 090 | _aTesis | ||
| 100 | 1 | 0 |
_aCoronel Aguirre, María Patricia _928154 |
| 245 | _aObtención de una fórmula para elaborar galletas a partir de harina de amaranto (Amarantus hypocondriacus) | ||
| 260 |
_aChapingo, Méx. : _bEl autor, _c1989 |
||
| 300 | _a176 h. | ||
| 500 | _a32-140 | ||
| 502 | _aTesis (Ing. Agrónomo Esp. en Industrias Agrícolas) -- UACH. Departamento de Industrias Agrícolas | ||
| 590 |
_aALEPH _b10 _c20130110 _lUCH01 _h1407 |
||
| 590 |
_aBATCH-UPD _b10 _c20130110 _lUCH01 _h0611 |
||
| 590 |
_aBATCH-UPD _b10 _c20130110 _lUCH01 _h2305 |
||
| 590 |
_aBATCH-UPD _b10 _c20130410 _lUCH01 _h0253 |
||
| 590 |
_aBATCH-UPD _b10 _c20130410 _lUCH01 _h1635 |
||
| 590 |
_aBATCH-UPD _b10 _c20130914 _lUCH01 _h0303 |
||
| 590 |
_aBATCH-UPD _b10 _c20130914 _lUCH01 _h2057 |
||
| 590 |
_aCONVERSION _b10 _c20130109 _lUCH01 _h1338 |
||
| 650 | 1 | 4 |
_aAmaranto. _95109 |
| 650 | 1 | 4 |
_aGalletas. _944431 |
| 650 | 1 | 4 |
_aHarina de amaranto. _952693 |
| 700 | 0 |
_aDelgadillo Piñón, José Edmundo. _931575 |
|
| 710 | 0 |
_aUACH. Departamento de Industrias Agrícolas. _9115870 |
|
| 901 | _aBK | ||
| 942 | _cTESIS | ||
| 949 |
_bBC _cTES _d-32329 _eTS1 _h22321 _i79440 _si |
||
| 999 |
_c68990 _d68990 |
||